Catálogo
 En Linea

Los romances de America, y otros estudios / (Registro nro. 23093)

Detalles MARC
000 -CABECERA
campo de control de longitud fija 00978cam a2200265 a 4500
001 - NÚMERO DE CONTROL
campo de control 000023597
005 - FECHA Y HORA DE LA ÚLTIMA TRANSACCIÓN
campo de control 20200930022333.0
008 - DATOS DE LONGITUD FIJA--INFORMACIÓN GENERAL
campo de control de longitud fija 770805s1958 sp 000 spa d
010 ## - NÚMERO DE CONTROL DE LA BIBLIOTECA DEL CONGRESO
Número de control de LC 40001821
035 ## - NÚMERO DE CONTROL DEL SISTEMA
Número de control de sistema (OCoLC)3163074
040 ## - FUENTE DE LA CATALOGACIÓN
Centro catalogador/agencia de origen DO-SdBNP
Lengua de catalogación spa
Centro/agencia transcriptor BNPHU
082 ## - NÚMERO DE LA CLASIFICACIÓN DECIMAL DEWEY
Número de clasificación 861.6
Número de documento/Ítem M542r, 1958
049 ## - FONDOS LOCALES (OCLC)
Fondos de biblioteca BNGR
100 2# - ENTRADA PRINCIPAL--NOMBRE DE PERSONA
Nombre de persona Menéndez Pidal, Ramón,
Fechas asociadas al nombre 1869-1968.
9 (RLIN) 3902
245 14 - MENCIÓN DE TÍTULO
Título Los romances de America, y otros estudios /
Mención de responsabilidad, etc. Ramón Menéndez Pidal,.
250 ## - MENCIÓN DE EDICIÓN
Mención de edición 6a ed.
260 ## - PUBLICACIÓN, DISTRIBUCIÓN, ETC.
Lugar de publicación, distribución, etc. Madrid :
Nombre del editor, distribuidor, etc. Espasa-Calpe,
Fecha de publicación, distribución, etc. 1958.
300 ## - DESCRIPCIÓN FÍSICA
Extensión 179 p ;
Dimensiones 18 cm.
490 1# - MENCIÓN DE SERIE
Mención de serie Austral. Ensayos y filosofía
Designación de volumen o secuencia 55
505 0# - NOTA DE CONTENIDO CON FORMATO
Nota de contenido con formato Los romances tradicionales en América.--Poesía popular y poesía tradicional en la literatura española.--Los orígenes del romancero.--Un nuevo romance fronterizo.--El lenguaje del siglo XVI.
650 #4 - PUNTO DE ACCESO ADICIONAL DE MATERIA--TÉRMINO DE MATERIA
Término de materia o nombre geográfico como elemento de entrada Baladas españolas
9 (RLIN) 16714
650 #4 - PUNTO DE ACCESO ADICIONAL DE MATERIA--TÉRMINO DE MATERIA
Término de materia o nombre geográfico como elemento de entrada Literatura española
9 (RLIN) 632
830 #0 - PUNTO DE ACCESO ADICIONAL DE SERIE-TÍTULO UNIFORME
Título uniforme Austral. Ensayos y filosofía ;
Designación de volumen o secuencia 55
9 (RLIN) 41589
910 ## - DATOS DE OPCIÓN DEL USUARIO (OCLC)
Datos de opción del usuario WM
Existencias
Estado de retiro Estado de pérdida Restricciones de uso No para préstamo Código de colección Localización permanente Ubicación/localización actual Ubicación en estantería Fecha de adquisición Número de inventario Total de préstamos Signatura topográfica completa Código de barras Fecha visto por última vez Precio válido a partir de Tipo de ítem Koha
        Monografías: Libros y Folletos General General Depósito 15.12.2010 LF1   861.6 M542r, 1958 23597-10 25.06.2020 25.06.2020 Préstamo en sala

Con tecnología Koha